=LDR 00000nam 2200000 4500 =001 INLIS000000000033555 =005 20130612135513 =008 ***********************************ind** =035 ##$$a0010-061300000033555 =041 ##$$a ind =082 ##$$a 371.1 =090 ##$$a 371.1, Fak m =100 ##$$a FAKHRUDDIN, Asef Umar =245 ##$$a Menjadi Guru Favorit / editor, Zainul Arifin El - Basyier =260 ##$$a 2009 $b Jogyakarta =300 ##$$a 260 hlm, 20 cm =650 ##$$a Guru =700 ##$$a El - Basyier, Zainul Arifin =850 ##$$a NBPNMAT =990 ##$$a 93527/BPAP-NTB/2014 =990 ##$$a 21195316/BPAP-NTB/2014